[Event "Titled Tuesday intern op 26th Oct"]
[Site "Chess.com INT"]
[Date "2021.10.26"]
[Round "9"]
[White "Mohota, Nisha"]
[Black "Kozlov, Stanislav"]
[Result "0-1"]
[WhiteElo "2195"]
[BlackElo "2369"]
[PlyCount "72"]
[EventDate "2021.10.26"]
[EventType "swiss (blitz)"]
[EventRounds "11"]
[EventCountry "USA"]
[SourceTitle "CBM 204 Extra"]
[Source "ChessBase"]
[SourceDate "2021.11.30"]
[SourceVersion "1"]
[SourceVersionDate "2021.11.30"]
[SourceQuality "1"]

1. e4 c5 2. Nf3 e6 3. d4 cxd4 4. Nxd4 a6 5. c4 Nf6 6. Nc3 Bb4 7. Bd3 Nc6 8. Nde2 d5 9. exd5 exd5 10. 0-0 dxc4 11. Bxc4 0-0 12. Qxd8 Rxd8 13. Bg5 Ne5 14. Bxf6 gxf6 15. Bb3 Rd2 16. Rfd1 Rxb2 17. Rd8+ Kg7 18. Rc1 Rb8 19. h3 Nc6 20. Re8 Be6 21. Rxb8 Nxb8 22. Bxe6 fxe6 23. Nf4 Kf7 24. Na4 Rxa2 25. Rc7+ Be7 26. Rxb7 Rxa4 27. Nd3 Ra1+ 28. Kh2 Nc6 29. Nc5 a5 30. Rc7 Nd4 31. Ne4 e5 32. Nd6+ Ke6 33. Nc8 Bd6 34. Rxh7 e4+ 35. g3 Nf3+ 36. Kg2 Rg1# 0-1

[Event "Titled Tuesday intern op 08th Sept"]
[Site "Chess.com INT"]
[Date "2020.09.08"]
[Round "3"]
[White "Valdes Romero, Leonardo"]
[Black "Kozlov, Stanislav"]
[Result "1-0"]
[WhiteElo "2402"]
[BlackElo "2369"]
[PlyCount "141"]
[EventDate "2020.09.08"]
[EventType "swiss (blitz)"]
[EventRounds "10"]
[EventCountry "USA"]
[SourceTitle "CBM 198 Extra"]
[Source "ChessBase"]
[SourceDate "2020.11.30"]
[SourceVersion "1"]
[SourceVersionDate "2020.11.30"]
[SourceQuality "1"]

1. Nf3 Nf6 2. g3 d5 3. Bg2 e6 4. 0-0 Be7 5. d3 0-0 6. Nbd2 c5 7. e4 Nc6 8. Re1 b5 9. e5 Nd7 10. Nf1 Bb7 11. h4 Nd4 12. N1h2 Nxf3+ 13. Nxf3 d4 14. h5 Qb6 15. h6 g6 16. Bf4 Rfd8 17. Qd2 Rac8 18. Bg5 Bxg5 19. Qxg5 Bxf3 20. Bxf3 c4 21. Qf4 Qc5 22. Rad1 Nb6 23. b3 cxb3 24. cxb3 Qe7 25. Rd2 Rc3 26. Be4 Nd5 27. Bxd5 Rxd5 28. Re4 Qd8 29. Kg2 a5 30. Rd1 b4 31. Qf3 Rc2 32. Rde1 Rxa2 33. Rc1 Qe7 34. Rc8+ Rd8 35. Rxd8+ Qxd8 36. Qf6 Qxf6 37. exf6 Kf8 38. Rxd4 Ke8 39. Rd6 Rd2 40. Kf3 a4 41. bxa4 b3 42. Ke3 Ra2 43. Rb6 Rxa4 44. Rxb3 Ra8 45. Rb7 Rd8 46. d4 Rd5 47. g4 Rd8 48. f3 Kf8 49. Ke4 Ke8 50. Rb5 Kf8 51. d5 exd5+ 52. Rxd5 Re8+ 53. Re5 Rb8 54. Rc5 Re8+ 55. Kf4 Rd8 56. g5 Ke8 57. Ke5 Ra8 58. f4 Rb8 59. f5 Kf8 60. fxg6 fxg6 61. Rd5 Kg8 62. Ke6 Re8+ 63. Kd7 Ra8 64. Rc5 Ra7+ 65. Rc7 Ra4 66. Ke8 Re4+ 67. Re7 Rf4 68. f7+ Kh8 69. Re6 Rxf7 70. Rf6 Ra7 71. Rf8# 1-0

[Event "Russia Central-ch"]
[Site "Pushchino"]
[Date "2013.03.18"]
[Round "3"]
[White "Kozlov, Stanislav"]
[Black "Novikov, Maxim"]
[Result "0-1"]
[WhiteElo "2340"]
[BlackElo "2511"]
[PlyCount "102"]
[EventDate "2013.03.16"]
[EventType "swiss"]
[EventRounds "9"]
[EventCountry "RUS"]
[SourceTitle "EXT 2014"]
[Source "ChessBase"]
[SourceDate "2013.11.20"]
[SourceVersion "1"]
[SourceVersionDate "2013.11.20"]
[SourceQuality "1"]

1. e4 d6 2. d4 Nf6 3. Nc3 Nbd7 4. f4 e5 5. Nf3 exd4 6. Qxd4 c6 7. a4 d5 8. e5 Bc5 9. Qd3 Ng4 10. Nd1 Qe7 11. h3 Nh6 12. Be3 f6 13. exf6 Nxf6 14. Be2 0-0 15. Bxc5 Qxc5 16. Nc3 Qb4 17. Qd4 Qxb2 18. 0-0 Nf5 19. Qd2 Qb6+ 20. Kh2 Qe3 21. Bd3 Qxd2 22. Nxd2 Bd7 23. a5 Rae8 24. Na4 Nd6 25. Nc5 Bc8 26. Nf3 Nd7 27. Nxd7 Bxd7 28. Ne5 Re7 29. Rab1 Be8 30. c4 dxc4 31. Bxc4+ Nxc4 32. Nxc4 Bg6 33. Rbd1 Bf7 34. Ne5 Bd5 35. Rb1 g5 36. g3 Kg7 37. Kg1 gxf4 38. gxf4 h5 39. Kh2 Kh6 40. Kg3 b6 41. axb6 axb6 42. Rbe1 Ra7 43. Nxc6 Rg8+ 44. Kh4 Bxc6 45. Re6+ Rg6 46. Rfe1 Bd7 47. R6e5 Ra5 48. Re7 Ra4 49. Rf7 Be6 50. Rf8 Ra3 51. Rh1 Rxh3+ 0-1

[Event "Russia Central-ch"]
[Site "Pushchino"]
[Date "2013.03.17"]
[Round "2"]
[White "Tatarintsev, Nikolay"]
[Black "Kozlov, Stanislav"]
[Result "0-1"]
[WhiteElo "1853"]
[BlackElo "2340"]
[PlyCount "93"]
[EventDate "2013.03.16"]
[EventType "swiss"]
[EventRounds "9"]
[EventCountry "RUS"]
[SourceTitle "EXT 2014"]
[Source "ChessBase"]
[SourceDate "2013.11.20"]
[SourceVersion "1"]
[SourceVersionDate "2013.11.20"]
[SourceQuality "1"]

1. d4 d5 2. c4 e6 3. Nf3 Nf6 4. Nc3 c6 5. a4 a5 6. e3 Nbd7 7. Bd3 Bd6 8. cxd5 exd5 9. 0-0 0-0 10. Qc2 Re8 11. b3 Qe7 12. Bb2 Nf8 13. Nd2 Bb8 14. Ba3 Qc7 15. Nf3 Ng6 16. Bxg6 hxg6 17. Ne5 Ng4 18. Nxg4 Bxg4 19. g3 Bf3 20. h3 Qd8 21. Kh2 Qh4 22. Ne2 Bxe2 23. Qxe2 Qxd4 24. Bb2 Qe4 25. Rae1 Bd6 26. Bc3 Bb4 27. Qd2 Bxc3 28. Qxc3 Qb4 29. Qxb4 axb4 30. Kg2 Re5 31. Rc1 Kf8 32. Rfd1 f5 33. Rd3 Ke7 34. Kf3 Kd6 35. Rd4 Re4 36. Rxe4 fxe4+ 37. Kg4 Rf8 38. Rc2 Rf5 39. h4 c5 40. Kh3 Kc6 41. Kg2 b5 42. a5 c4 43. Ra2 Rf7 44. Kf1 Kc5 45. Ke2 cxb3 46. Rb2 Kc4 47. Kd2 0-1

[Event "Moscow Govrnor Cup-A rapid KO"]
[Site "Moscow"]
[Date "2013.02.23"]
[Round "1.1"]
[White "Golovin, Leonid"]
[Black "Kozlov, Stanislav"]
[Result "1-0"]
[WhiteElo "2471"]
[BlackElo "2340"]
[PlyCount "41"]
[EventDate "2013.02.23"]
[EventType "k.o. (rapid)"]
[EventRounds "4"]
[EventCountry "RUS"]
[SourceTitle "CBM 153 Extra"]
[Source "ChessBase"]
[SourceDate "2013.04.22"]
[SourceVersion "1"]
[SourceVersionDate "2013.04.22"]
[SourceQuality "1"]

1. e4 c5 2. Nf3 e6 3. d3 Nc6 4. g3 Nf6 5. Bg2 d5 6. Nbd2 Be7 7. 0-0 b6 8. Re1 Bb7 9. Qe2 0-0 10. e5 Nd7 11. h4 Qc7 12. Nf1 h6 13. Bf4 Rfd8 14. N1h2 b5 15. Ng4 Rac8 16. Qd2 b4 17. Nf6+ gxf6 18. exf6 Bd6 19. Bxh6 Bf8 20. Qg5+ Kh7 21. Bxf8 1-0

[Event "CFO-ch"]
[Site "Moscow"]
[Date "2013.02.21"]
[Round "5"]
[White "Kozlov, Stanislav"]
[Black "Domogaev, Sergey"]
[Result "0-1"]
[WhiteElo "2340"]
[BlackElo "2510"]
[PlyCount "74"]
[EventDate "2013.02.21"]
[EventType "swiss (rapid)"]
[EventRounds "9"]
[EventCountry "RUS"]
[SourceTitle "CBM 153 Extra"]
[Source "ChessBase"]
[SourceDate "2013.04.22"]
[SourceVersion "1"]
[SourceVersionDate "2013.04.22"]
[SourceQuality "1"]

1. e4 a6 2. d4 c5 3. dxc5 e6 4. c4 Bxc5 5. Nc3 Nc6 6. Bd3 Nf6 7. Nf3 Ng4 8. 0-0 Qc7 9. g3 h5 10. Bf4 d6 11. Qe2 e5 12. Nd5 Qd8 13. Bg5 f6 14. Bd2 Be6 15. b4 Ba7 16. a4 Nd4 17. Nxd4 Bxd4 18. Rac1 h4 19. Ne3 Kf7 20. Nxg4 Qd7 21. Ne3 hxg3 22. fxg3 Rh3 23. Rf2 Rah8 24. b5 Qc8 25. Qf3 Qc5 26. Bf1 R3h7 27. Kh1 a5 28. Re2 Qa3 29. Rc2 Qxa4 30. Be1 Qb3 31. Bxa5 Ra8 32. Be1 Ra3 33. Bf2 Ra1 34. Bg1 Rh8 35. Bg2 b6 36. Nf1 Qxf3 37. Bxf3 Rxf1 0-1

[Event "Moscow Govrnor Cup-A rapid"]
[Site "Moscow"]
[Date "2013.02.20"]
[Round "7"]
[White "Kozlov, Stanislav"]
[Black "Shayan, Sabri Mohmood"]
[Result "1-0"]
[WhiteElo "2340"]
[BlackElo "2164"]
[PlyCount "203"]
[EventDate "2013.02.19"]
[EventType "swiss (rapid)"]
[EventRounds "11"]
[EventCountry "RUS"]
[SourceTitle "CBM 153 Extra"]
[Source "ChessBase"]
[SourceDate "2013.04.22"]
[SourceVersion "1"]
[SourceVersionDate "2013.04.22"]
[SourceQuality "1"]

1. e4 c5 2. Nf3 a6 3. c4 Nc6 4. d4 cxd4 5. Nxd4 e5 6. Nf5 d6 7. Ng3 Be6 8. Bd3 Rc8 9. 0-0 Nf6 10. Kh1 Be7 11. f3 0-0 12. Be3 Nb4 13. b3 Nxd3 14. Qxd3 Nd7 15. Nc3 Nc5 16. Qd2 Bh4 17. Rad1 Rc6 18. f4 exf4 19. Bxf4 Bg4 20. Rc1 Re8 21. h3 Bc8 22. Nf5 Bxf5 23. exf5 Ne4 24. Nxe4 Rxe4 25. Rcd1 Qe8 26. Bxd6 Re2 27. Qf4 Bf6 28. a4 b5 29. axb5 axb5 30. c5 Ra6 31. Rd2 Ra2 32. Rxa2 Rxa2 33. Qf3 Rc2 34. Qd1 Qe4 35. Qf3 Qe8 36. Qg3 Re2 37. Bf4 b4 38. Bg5 Bd4 39. f6 Bxc5 40. Be3 Bf8 41. fxg7 Bd6 42. Qxd6 Rxe3 43. Qxb4 Kxg7 44. Qg4+ Kh8 45. Qd4+ Kg8 46. Rf4 h5 47. Qf6 Re5 48. Rf3 Re1+ 49. Kh2 Qe5+ 50. Rg3+ Kf8 51. Qd8+ Qe8 52. Qd6+ Qe7 53. Qh6+ Ke8 54. Rg8+ Kd7 55. Qd2+ Qd6+ 56. Qxd6+ Kxd6 57. Rg5 Rb1 58. Rb5 Kc6 59. Rf5 Rxb3 60. Rxf7 Rb5 61. Kg3 Kd6 62. Kh4 Ke6 63. Rf8 Ke7 64. Rh8 Rb2 65. g3 Kf6 66. Rxh5 Rb4+ 67. g4 Kg6 68. Ra5 Rb6 69. Ra3 Rc6 70. Kg3 Rc1 71. Ra6+ Kg7 72. h4 Rg1+ 73. Kf4 Rb1 74. Ra7+ Kf6 75. g5+ Kg6 76. Ra6+ Kg7 77. Kg4 Rb4+ 78. Kh5 Rb7 79. Ra4 Rb6 80. Ra7+ Kg8 81. Re7 Ra6 82. Re4 Kg7 83. Kg4 Ra1 84. h5 Rg1+ 85. Kf5 Rf1+ 86. Rf4 Rh1 87. h6+ Kh7 88. Kf6 Rg1 89. Rf5 Rg2 90. Kf7 Rg1 91. Kf8 Rg2 92. Rf7+ Kh8 93. Rf5 Kh7 94. Re5 Rf2+ 95. Ke8 Kg6 96. Re7 Kxg5 97. h7 Rh2 98. Kf8 Kf6 99. Rf7+ Kg6 100. Kg8 Rh1 101. Rg7+ Kf6 102. h8Q 1-0

[Event "Riazan-ch"]
[Site "Riazan"]
[Date "2009.03.??"]
[Round "?"]
[White "Kozlov, Stanislav"]
[Black "Laevsky, Evgeniy"]
[Result "1-0"]
[WhiteElo "2336"]
[BlackElo "2115"]
[PlyCount "71"]
[EventDate "2009.03.??"]
[EventType "swiss"]
[EventRounds "13"]
[EventCountry "RUS"]
[SourceTitle "EXT 2010"]
[Source "ChessBase"]
[SourceDate "2010.11.25"]
[SourceVersion "1"]
[SourceVersionDate "2010.11.25"]
[SourceQuality "1"]

1. e4 c5 2. Nf3 e6 3. d4 cxd4 4. Nxd4 Nf6 5. Bd3 d6 6. 0-0 Nc6 7. Nxc6 bxc6 8. f4 Be7 9. Kh1 0-0 10. Nc3 Qc7 11. Qe2 e5 12. f5 h6 13. Rf3 Nh7 14. Rg3 Bh4 15. Rg4 Bg5 16. Bxg5 Nxg5 17. Bc4 Qe7 18. Rd1 d5 19. exd5 Bxf5 20. Rg3 Rad8 21. Rf1 Bd7 22. Qh5 e4 23. h4 Qe5 24. Re3 Qd4 25. Rfe1 Qxc4 26. hxg5 cxd5 27. gxh6 Qd4 28. Nxd5 g6 29. Qg5 Bf5 30. c3 f6 31. Ne7+ Kf7 32. Nxf5 Qd5 33. Qxg6+ Kxg6 34. Ne7+ Kxh6 35. Nxd5 Rxd5 36. Rxe4 1-0

[Event "Riazan-ch"]
[Site "Riazan"]
[Date "2009.03.??"]
[Round "?"]
[White "Kozlov, Stanislav"]
[Black "Popov, Valerij"]
[Result "1-0"]
[WhiteElo "2336"]
[BlackElo "2570"]
[PlyCount "63"]
[EventDate "2009.03.??"]
[EventType "swiss"]
[EventRounds "13"]
[EventCountry "RUS"]
[SourceTitle "EXT 2010"]
[Source "ChessBase"]
[SourceDate "2010.11.25"]
[SourceVersion "1"]
[SourceVersionDate "2010.11.25"]
[SourceQuality "1"]

1. e4 d5 2. exd5 Nf6 3. d4 Nxd5 4. c4 Nb4 5. a3 N4c6 6. Nf3 Bg4 7. d5 Bxf3 8. Qxf3 Nd4 9. Qd1 e5 10. dxe6 fxe6 11. Bd3 Qh4 12. g3 Qf6 13. 0-0 Nbc6 14. Nc3 0-0-0 15. Be4 Be7 16. Qa4 Rhf8 17. Be3 Qe5 18. Bxd4 Nxd4 19. Qxa7 Ne2+ 20. Nxe2 Qxe4 21. Nc3 Qc6 22. Rad1 b6 23. Qa6+ Kb8 24. Qa4 Qf3 25. Nb5 Qb7 26. b4 Bf6 27. c5 Rxd1 28. Rxd1 Rd8 29. Rxd8+ Bxd8 30. Nd4 Qd5 31. Nc6+ Kb7 32. b5 1-0

[Event "Riazan op"]
[Site "Riazan"]
[Date "2007.08.??"]
[Round "?"]
[White "Kozlov, Stanislav"]
[Black "Iliushkin, Evgeny"]
[Result "0-1"]
[WhiteElo "2300"]
[BlackElo "2295"]
[PlyCount "64"]
[EventDate "2007.08.??"]
[EventType "swiss"]
[EventRounds "9"]
[EventCountry "RUS"]
[SourceTitle "EXT 2009"]
[Source "ChessBase"]
[SourceDate "2008.11.26"]
[SourceVersion "1"]
[SourceVersionDate "2008.11.26"]
[SourceQuality "1"]

1. e4 c5 2. Nf3 e6 3. c4 Nc6 4. d4 cxd4 5. Nxd4 Bb4+ 6. Bd2 Bxd2+ 7. Qxd2 Nf6 8. Nc3 0-0 9. Ndb5 d5 10. cxd5 exd5 11. exd5 Nb4 12. Rd1 a6 13. Na3 b5 14. Be2 Bb7 15. 0-0 Nbxd5 16. Bf3 Nxc3 17. Qxc3 Qb6 18. Bxb7 Qxb7 19. Rd4 Rfd8 20. Rfd1 Rxd4 21. Qxd4 Qc7 22. h3 h6 23. Rd2 Qa5 24. Rd3 Qe1+ 25. Kh2 Qa1 26. Rg3 Kh8 27. Nc2 Qxa2 28. Nb4 Qe6 29. Re3 Qd7 30. Qc5 a5 31. Re7 Rc8 32. Qe5 Qd2 0-1

[Event "Riazan Region-ch"]
[Site "Riazan"]
[Date "2007.??.??"]
[Round "9"]
[White "Vazersky, Konstantin Alekseev"]
[Black "Kozlov, Stanislav"]
[Result "0-1"]
[WhiteElo "2095"]
[BlackElo "2290"]
[PlyCount "84"]
[EventDate "2007.04.??"]
[EventType "swiss"]
[EventRounds "9"]
[EventCountry "RUS"]
[SourceTitle "EXT 2010"]
[Source "ChessBase"]
[SourceDate "2010.11.25"]
[SourceVersion "1"]
[SourceVersionDate "2010.11.25"]
[SourceQuality "1"]

1. e4 c5 2. Nf3 Nc6 3. Bb5 g6 4. Bxc6 bxc6 5. d3 Bg7 6. 0-0 e6 7. Nc3 d6 8. Re1 Ne7 9. Be3 0-0 10. e5 dxe5 11. Bxc5 f6 12. d4 exd4 13. Nxd4 e5 14. Bxe7 Qxe7 15. Nxc6 Qe8 16. Nd5 Be6 17. Nde7+ Kh8 18. Qd6 Qf7 19. f4 Rfe8 20. fxe5 f5 21. Qd3 Bf8 22. Nxg6+ hxg6 23. Nd4 Bc5 24. c3 Bxa2 25. Kh1 Be6 26. Rad1 Rad8 27. Qh3+ Kg7 28. Qh4 Bxd4 29. Rxd4 Rxd4 30. cxd4 Qe7 31. Qf4 Rc8 32. h4 Rh8 33. g3 g5 34. Qf3 gxh4 35. Kg1 Qd7 36. Qf4 Rh6 37. Rc1 hxg3 38. d5 Bxd5 39. Qg5+ Rg6 40. e6 Bxe6 41. Qf4 Rg4 42. Qe5+ Kg6 0-1

[Event "RUS Central Region-chT club"]
[Site "Tula"]
[Date "2005.11.29"]
[Round "5"]
[White "Ivanov, Alexander Al"]
[Black "Kozlov, Stanislav"]
[Result "1-0"]
[WhiteElo "2414"]
[BlackElo "2281"]
[PlyCount "105"]
[EventDate "2005.11.25"]
[EventType "team"]
[EventRounds "5"]
[EventCountry "RUS"]
[SourceTitle "CBM 109 Extra"]
[Source "ChessBase"]
[SourceDate "2006.01.03"]
[SourceVersion "2"]
[SourceVersionDate "2006.01.03"]
[SourceQuality "1"]

1. e4 c5 2. Nf3 e6 3. d3 d5 4. Qe2 Ne7 5. g3 Nbc6 6. Bg2 g6 7. 0-0 Bg7 8. e5 Qc7 9. Re1 h6 10. h4 Bd7 11. Bf4 Nd4 12. Nxd4 cxd4 13. c4 dxc4 14. dxc4 Bc6 15. Nd2 Bxg2 16. Kxg2 Nc6 17. Nf3 0-0-0 18. Rad1 Rd7 19. a3 Rhd8 20. b4 d3 21. Qe3 Nd4 22. Nxd4 Rxd4 23. c5 d2 24. Rf1 R8d5 25. Qe2 Bxe5 26. Be3 Rd3 27. Rxd2 Rxd2 28. Bxd2 h5 29. Be3 Qd7 30. Rc1 Bd4 31. Bf4 e5 32. Bg5 Kb8 33. Qf3 Bb2 34. Rc2 Rd3 35. Qe4 f5 36. c6 bxc6 37. Qxc6 Qxc6+ 38. Rxc6 Bxa3 39. Rxg6 Bxb4 40. Rf6 a5 41. Rxf5 Bc3 42. Bf6 Rd5 43. g4 a4 44. gxh5 a3 45. h6 a2 46. h7 a1Q 47. h8Q+ Kc7 48. Qg7+ Kc6 49. Bg5 Qd1 50. Rf6+ Rd6 51. Rxd6+ Kxd6 52. Qf8+ Kc7 53. Qc5+ 1-0

[Event "RUS Central Region-chT club"]
[Site "Tula"]
[Date "2005.11.27"]
[Round "3"]
[White "Shestakov, Sergei S"]
[Black "Kozlov, Stanislav"]
[Result "0-1"]
[WhiteElo "2362"]
[BlackElo "2281"]
[PlyCount "62"]
[EventDate "2005.11.25"]
[EventType "team"]
[EventRounds "5"]
[EventCountry "RUS"]
[SourceTitle "CBM 109 Extra"]
[Source "ChessBase"]
[SourceDate "2006.01.03"]
[SourceVersion "2"]
[SourceVersionDate "2006.01.03"]
[SourceQuality "1"]

1. Nf3 c5 2. c4 Nc6 3. Nc3 Nf6 4. g3 e5 5. Bg2 Be7 6. 0-0 d6 7. d3 h6 8. a3 Be6 9. Qa4 0-0 10. b4 Qd7 11. Re1 a6 12. b5 Nd4 13. Nxd4 cxd4 14. Nd5 Bxd5 15. cxd5 axb5 16. Qb3 Ne8 17. e3 dxe3 18. Bxe3 Bg5 19. f4 exf4 20. gxf4 Bh4 21. Re2 Nf6 22. Rb2 Rfe8 23. Bd4 Ra4 24. Bc3 Rxf4 25. Qxb5 Qe7 26. h3 Rc8 27. Bd2 Rf2 28. Qb4 Rxg2+ 29. Kxg2 Qe2+ 30. Kh1 Qf3+ 31. Kg1 Bf2+ 0-1